ბათუმის შოთა რუსთაველის სახელმწიფო უნივერსიტეტის ბიბლიოთეკა

ქუთაისის უნ-ტი. სამეცნიერო-პრაქტიკული კონფერენცია თემაზე: "ეკონომიკის და ბიზნესის თანამედროვე პრობლემები და განვითარების ტენდენციები", მიძღვნილი უნ-ტის დაარსებიდან 20 წლისთავისადმი (2011) (ბიბ.ჩანაწერი № 58707)

000 -ლიდერი
ფიქსირებული სიგრძის საკონტროლო ველი 02298nam a22002057a 4500
003 - საკონტროლო ნომრის იდენტიფიკატორი
საკონტროლო ველი Ge_BSU
005 - ბოლო ოპერაციის თარიღი და დრო
საკონტროლო ველი 20220701130017.0
008 - ფიქსირებული სიგრძის მონაცემთა ელემენტები - ზოგადი ინფორმაცია
ფიქსირებული სიგრძის საკონტროლო ველი 220701s2011ge xxu||||| |||| 00| 0 geo d
020 ## - წიგნის საერთაშორისო სტანდარტული ნომერი
International Standard Book Number 9789941429163
041 ## - ენის კოდი
Language code of text/sound track or separate title geo
080 ## - უნივერსალური ათობითი კლასიფიკაციის ინდექსი
Universal Decimal Classification number 378.4(479.22)(063) ქ-84
245 ## - ცნობა სათაურის შესახებ
Title ქუთაისის უნ-ტი. სამეცნიერო-პრაქტიკული კონფერენცია თემაზე: "ეკონომიკის და ბიზნესის თანამედროვე პრობლემები და განვითარების ტენდენციები", მიძღვნილი უნ-ტის დაარსებიდან 20 წლისთავისადმი (2011)
Remainder of title თემაზე: "ეკონომიკის და ბიზნესის თანამედროვე პრობლემები და განვითარების ტენდენციები" = Scientific-practical conference devoted to the 20 th anniversary of Kutaisi university "Contemporary problems of economics and business and trends of development" /
Statement of responsibility, etc [სარედ. კოლ.: იაკობ მესხია [და სხვ.]].
264 ## - წარმოების, გამოცემის, დისტრიბუციის და სხვა ცნობები
გამოცემის, წარმოების, დისტრიბუციის... ადგილი ქუთაისი.
გამოცემის, წარმოების, დისტრიბუციის... თარიღი 2011.
300 ## - ფიზიკური აღწერა
Extent 236გვ . :
Other physical details ნახ. ;
Dimensions 29 სმ.
501 ## - შენიშვნა თანმხლებ მასალაზე
With note უნივერსიტეტის დაარსებიდან 20 წლისთავისადმი მიძღვნილი სამეცნიერო-პრაქტიკული კონფერენცია
653 ## - INDEX TERM--UNCONTROLLED
Uncontrolled term სამეცნიერო-პრაქტიკული კონფერენცია თემაზე: "ეკონომიკის და ბიზნესის თანამედროვე პრობლემები და განვითარების ტენდენციები", მიძღვნილი უნ-ტის დაარსებიდან 20 წლისთავისადმი (2011)
653 ## - INDEX TERM--UNCONTROLLED
Uncontrolled term ქუთაისი, 2011 წლის 5-6 ნოემბერი
700 ## - ADDED ENTRY--PERSONAL NAME
Personal name მესხია, იაკობ
Relator term სარედაქციო კოლეგია
9 (RLIN) 14279
942 ## - ADDED ENTRY ELEMENTS (KOHA)
Source of classification or shelving scheme
Koha item type წიგნი
ეგზემპლარები
ჩამოწერის სტატუსი დაკარგული ეგზემპლარის სტატუსი კლასიფიკაციის წყარო ან თაროზე გაწყობის სქემა დაზიანების სტატუსი არ გაიცემა მუდმივი მდებარეობა (დაცვის ადგილი) ამჟამინდელი ადგილსამყოფელი თაროზე განთავსების ადგილი შეძენის თარიღი ღირებულება, შესყიდვის ნორმალური ფასი სრული შენახვის შიფრი შტრიხკოდი ბოლო ოპერაციის თარიღი ეგზემპლარის მიმდევრობითი ნომერი (კეტერი?) ფასის ძალაში შესვლის თარიღი ეგზემპლარის სახეობა საჯარო შენიშვნა
          ბათუმის შოთა რუსთაველის სახელმწიფო უნივერსიტეტის მთავარი ბიბლიოთეკა პროფესიული პროგრამების მართვის და უწყვეტი განათლების ცენტრის ბიბლიოთეკა წიგნსაცავი 2022-07-01 8.00 378.4(479.22)(063) ქ-84 62945 2022-07-01 62945 2022-07-01 წიგნი 8.00